000 00756nam a22002297a 4500
003 UA-OsUOA
001 50483
007 ta
008 20140611b un ||||| |||| 00| 0 ukr d
090 _a94(477).09
_bМ34
942 _cBK
040 _aUA-OsUOA
_bukr
_cUA-OsUOA
_dUA-OsUOA
245 _aМатеріали та документи Служби Безпеки ОУН(б) у 1940-х рр.
_cупор. О. Лисенко, І. Патриляк
300 _a251 с.
955 _a1
041 _aukr
080 _a94(477).09
260 _aК.
_c2003
650 7 _a9 Географія. Біографії. Історія
_2UDC
999 _c430611
_d430611